000 01030nam0a2200289 4500
001 RU\NLR\BIBL_A\010785175
005 20250614100430.0
010 _a978-5-00019-260-3
_9100
021 _aRU
_b2015-22641
_91348
035 _a(NLR Aleph) 010785175
090 _a10087355
_c10087355
100 _a20150618d2014 |||y0rusy50 ca
101 0 _atat
102 _aRU
105 _ay z 000 y
200 1 _aИнглизчә-татарча сүзлек
_dEnglish-tatar dictionary
_e[10 000гә якын сүз
_fтөз.-авт. Г. Р. Сафиуллина]
210 _aКазан
_cКазан ун-ты
_d2014
215 _a499 б.
_d21
510 1 _aEnglish-tatar dictionary
_zeng
541 1 _a[Английско-татарский словарь
_eок. 10 000 слов].
_zrus
686 1 _aШ143.21-48
686 1 _aШ163.23-48
702 1 _aСафиуллина
_bГ. Р.
_gГөлшат Рафаил кызы
_4220
852 _aNLR
_bОНЛ
_jТатар./3-14591
942 _cBOOK
980 _aNB